书目信息 |
| 题名: |
重新设计生命
|
|
| 作者: | 帕林顿 著 ;李雪莹 译 | |
| 分册: | ||
| 出版信息: | 北京 中信出版集团股份有限公司 2018 |
|
| 页数: | 354页 | |
| 开本: | 23cm | |
| 丛书名: | ||
| 单 册: | ||
| 中图分类: | Q987 | |
| 科图分类: | ||
| 主题词: | 人类基因--ren lei ji yin--基因组--研究 | |
| 电子资源: | ||
| ISBN: | 978-7-5086-8592-2 | |
| 000 | 01380nam0 2200301 45 | |
| 001 | 012001002561 | |
| 005 | 20140101155531.0 | |
| 010 | @a978-7-5086-8592-2@b精装@dCNY69.00 | |
| 099 | @aCAL 012018086061 | |
| 100 | @a20180611d2018 em y0chiy50 ea | |
| 101 | 1 | @achi@ceng |
| 102 | @aCN@b110000 | |
| 105 | @aa z 000yy | |
| 106 | @ar | |
| 200 | 1 | @a重新设计生命@Achong xin she ji sheng ming@e基因组编辑技术如何改变世界@f(英) 约翰·帕林顿著@d= Redesigning life@ehow genome editing will transform the world@fJohn Parrington@g李雪莹译@zeng |
| 210 | @a北京@c中信出版集团股份有限公司@d2018 | |
| 215 | @a354页@c图@d23cm | |
| 314 | @a约翰·帕林顿 (John Parrington),牛津大学细胞分子学教授、分析药理学家等。 | |
| 330 | @a本书是一部全面介绍基因组编辑技术的科普著作。作者约翰帕林顿教授从人类最初的基因工程研究开始,全面讲述了基因工程的发展,基因组编辑技术在生物育种、临床治疗、农业、科研领域的运用以及未来的发展。 | |
| 333 | @a基因学研究人员及相关读者。 | |
| 500 | 10 | @aRedesigning life : how genome editing will transform the world@mChinese |
| 517 | 1 | @a基因组编辑技术如何改变世界@Aji yin zu bian ji ji shu ru he gai bian shi jie |
| 606 | 0 | @a人类基因@Aren lei ji yin@x基因组@x研究 |
| 690 | @aQ987@v5 | |
| 701 | 1 | @a帕林顿@Apa lin dun@g(Parrington, John)@4著 |
| 702 | 0 | @a李雪莹@Ali xue ying@4译 |
| 801 | 0 | @aCN@b北京卓展@c20191020 |
| 905 | @b1203886-9@dQ987@e74@f4 | |
| 重新设计生命:基因组编辑技术如何改变世界/(英) 约翰·帕林顿著= Redesigning life:how genome editing will transform the world/John Parrington/李雪莹译.-北京:中信出版集团股份有限公司,2018 |
| 354页:图;23cm |
| 使用对象:基因学研究人员及相关读者。 |
| ISBN 978-7-5086-8592-2(精装):CNY69.00 |
| 本书是一部全面介绍基因组编辑技术的科普著作。作者约翰帕林顿教授从人类最初的基因工程研究开始,全面讲述了基因工程的发展,基因组编辑技术在生物育种、临床治疗、农业、科研领域的运用以及未来的发展。 |
| ● |
| 相关链接 |
|
|
|
|
正题名:重新设计生命
索取号:Q987/74
 
预约/预借
| 序号 | 登录号 | 条形码 | 馆藏地/架位号 | 状态 | 备注 |
| 1 | 1203886 | 212038864 | 第二样本阅览室/ [索取号:Q987/74] | 在馆 | |
| 2 | 1203887 | 212038873 | 第三借阅区/ [索取号:Q987/74] | 在馆 | |
| 3 | 1203888 | 212038882 | 第三借阅区/ [索取号:Q987/74] | 在馆 | |
| 4 | 1203889 | 212038891 | 第三借阅区/ [索取号:Q987/74] | 在馆 |